000 00431nam a2200181Ia 4500
003 GCL
008 140319s9999 xx 000 0 eng d
040 _aGCL /
_cGCL
082 0 4 _a709.1468
_bG L
100 1 _aGRANADA
245 1 0 _aTHE LEGACY OF AL-ANDALUS /
_cGRANADA
260 _a[S.N] :
_bGRANADA.
300 _a231 P
650 0 4 _aARTS
650 0 4 _aISLAMIC ART - AL-ANDALUS
650 0 4 _aISLAM - ARTS
942 _2ddc
_cBK
999 _c15213
_d15213